Empowerment : (Record no. 15155)
[ view plain ]
| 000 -LEADER | |
|---|---|
| fixed length control field | 01263cam a22003138a 4500 |
| 001 - CONTROL NUMBER | |
| control field | 16428523 |
| 005 - DATE AND TIME OF LATEST TRANSACTION | |
| control field | 20100824182412.0 |
| 008 - FIXED-LENGTH DATA ELEMENTS--GENERAL INFORMATION | |
| fixed length control field | 100823s2011 nyu 000 0 eng |
| 010 ## - LIBRARY OF CONGRESS CONTROL NUMBER | |
| LC control number | 2010034606 |
| 020 ## - INTERNATIONAL STANDARD BOOK NUMBER | |
| International Standard Book Number | 9781402764554 |
| 020 ## - INTERNATIONAL STANDARD BOOK NUMBER | |
| International Standard Book Number | 9781402764554 |
| 040 ## - CATALOGING SOURCE | |
| Original cataloging agency | DLC |
| Transcribing agency | DLC |
| 050 00 - LIBRARY OF CONGRESS CALL NUMBER | |
| Classification number | BF637.S4 |
| Item number | G47 2011 |
| 082 00 - DEWEY DECIMAL CLASSIFICATION NUMBER | |
| Classification number | 158 |
| Edition number | 22 |
| Item number | GER |
| 100 1# - MAIN ENTRY--PERSONAL NAME | |
| Personal name | Gershon, David. |
| 9 (RLIN) | 23234 |
| 245 10 - TITLE STATEMENT | |
| Title | Empowerment : |
| Remainder of title | The Art of Creating Your Life as You Want it / |
| Statement of responsibility, etc | David Gershon and Gail Straub. |
| 250 ## - EDITION STATEMENT | |
| Edition statement | 2nd ed. |
| 260 ## - PUBLICATION, DISTRIBUTION, ETC. (IMPRINT) | |
| Place of publication, distribution, etc | New York : |
| Name of publisher, distributor, etc | Sterling Pub., |
| Date of publication, distribution, etc | c2011. |
| 263 ## - PROJECTED PUBLICATION DATE | |
| Projected publication date | 1101 |
| 300 ## - PHYSICAL DESCRIPTION | |
| Extent | xv, 239 p. ; |
| Dimensions | 22 cm. |
| 505 0# - FORMATTED CONTENTS NOTE | |
| Formatted contents note | Introduction to empowerment -- Crafting reality with thought -- Personal power -- Core beliefs -- Emotions -- Relationships -- Sexuality -- The body -- Money -- Work -- Spirituality -- Always growing! Making your passion happen. |
| 650 #0 - SUBJECT ADDED ENTRY--TOPICAL TERM | |
| Topical term or geographic name as entry element | Self-realization. |
| 9 (RLIN) | 23235 |
| 650 #0 - SUBJECT ADDED ENTRY--TOPICAL TERM | |
| Topical term or geographic name as entry element | Visualization. |
| 9 (RLIN) | 23236 |
| 653 ## - INDEX TERM--UNCONTROLLED | |
| Resource For college | |
| Arrived date list | April2011 |
| 700 1# - ADDED ENTRY--PERSONAL NAME | |
| Personal name | Straub, Gail. |
| 9 (RLIN) | 23237 |
| 942 ## - ADDED ENTRY ELEMENTS (KOHA) | |
| Source of classification or shelving scheme | Dewey Decimal Classification |
| Item type | Book - Borrowing |
| Withdrawn status | Item status | Source of classification or shelving scheme | Damaged status | Not for loan | Vendor | Home library | Current library | Shelving location | Date acquired | Source of acquisition | Cost, normal purchase price | Serial Enumeration / chronology | Total Checkouts | Total Renewals | Full call number | Barcode | Date last seen | Date last borrowed | Koha item type |
|---|---|---|---|---|---|---|---|---|---|---|---|---|---|---|---|---|---|---|---|
| Dewey Decimal Classification | Diwan | Central Library | Central Library | Lower Floor | 20/04/2011 | 108.00 | 124070 | 10 | 44 | 158 GER | 000025090 | 19/11/2025 | 09/06/2022 | Book - Borrowing |